Dva roky školy verejnej správy

Činnosť Školy verejnej správy pri Academii Istropolitane od septembra 1992, ktorej cieľom je príprava budúcich kvalifikovaných a kompetentných pracovníkov centrálnych inštitúcií verejnej správy, schopných využívať svoje vedomosti v praxi. Zahraničné stáže ako súčasť štúdia na Škole verejnej správy.

Salvato in:
Dettagli Bibliografici
Autore principale: Kozáková, A.
Natura: Capitolo di libro
Lingua:slovacco
Soggetti:
Tags: Aggiungi Tag
Nessun Tag, puoi essere il primo ad aggiungerne!!

MARC

LEADER 00000naa a2200000 4500
001 r016323
005 20221213114840.9
041 0 |a slo 
044 |a SK 
245 1 0 |a Dva roky školy verejnej správy  |c A. Kozáková 
520 |a Činnosť Školy verejnej správy pri Academii Istropolitane od septembra 1992, ktorej cieľom je príprava budúcich kvalifikovaných a kompetentných pracovníkov centrálnych inštitúcií verejnej správy, schopných využívať svoje vedomosti v praxi. Zahraničné stáže ako súčasť štúdia na Škole verejnej správy. 
610 2 0 |a vzdelanie 
610 2 0 |a zamestnanci 
610 2 0 |a správa štátna 
610 2 0 |a správa verejná 
610 2 0 |a Škola verejnej správy, Bratislava 
100 1 |a Kozáková, A.